000 00586nam a2200157 a 4500
001 000030372
005 20250116163337.0
008 110511s2000 dr d 000 0 spa d
040 _aDO-SdBNP
_bspa
_cBNPHU
082 _axxx
_bR426s
110 1 _aRepública Dominicana.
_bSecretaría de Estado de Educación y Cultura
_918697
245 1 0 _aSeguro médico para maestro (SEMMA) /
_cpresentación Ligia Amada Melo de Cardona.
260 _aSanto Domingo :
_bSecretaría de Estado de Educación,
_c2000.
300 _a27 p. :
_bdiagrs. ;
_c24 cm.
700 1 _aMelo de Cardona, Ligia Amada
_927174
999 _c29864
_d29864